| 000 | 00790nam a2200241Ia 4500 | ||
|---|---|---|---|
| 999 |
_c63438 _d63438 |
||
| 003 | GCL | ||
| 005 | 20240530110641.0 | ||
| 008 | 140319s9999 xx 000 0 ara d | ||
| 040 |
_aGCL / _cGCL |
||
| 082 | 0 | 4 |
_221 _a953.04\ _bي ت |
| 100 | 1 | _aمحمد توفيق عويضة (اشراف) | |
| 245 | 1 | 0 |
_aتاريخ الموصل / _cمحمد توفيق عويضة (اشراف) |
| 300 | _a526 ص | ||
| 650 | 0 | 4 | _aالتاريخ الاسلامى |
| 650 | 0 | 4 | _aالدولة العباسية الثالثة |
| 650 | 0 | 4 | _aالموصل |
| 650 | 0 | 4 | _aالموصل - تاريخ |
| 650 | 0 | 4 | _aالعراق - تاريخ |
| 700 | 1 | _aيزيد الازدى، ابوزكريا | |
| 700 | 1 | _aيزيد بن محمد بن اياس | |
| 700 | 1 | _aعلى حبيبة (تحقيق) | |
| 942 |
_2ddc _cBK |
||